| 000 | 00421nam a22001457a 4500 | ||
|---|---|---|---|
| 005 | 20180724123954.0 | ||
| 020 |
_a812240894X _c00 |
||
| 035 | _aA-780000, A-779999 | ||
| 037 |
_aDPL _bENG |
||
| 100 | _aGulshan, S.S. | ||
| 245 |
_aCorporate and other laws / _cby S.S. Gulshan |
||
| 260 |
_aNew Delhi _bNew Age International Ltd. _c1996 |
||
| 300 |
_avii, 368p. _c20 cms. |
||
| 942 |
_2ddc _cEN _h346.066 _mGUL |
||
| 999 |
_c67382 _d67382 |
||